00271nam a2200109Ia 4500008004100000100001100041245003700052260002200089650002600111942000700137999001700144190216s9999||||xx |||||||||||||| ||und|| aUlloor 0aKerala Sahithya Charithram Vol-4 bKerala University aMalayalam Literaturte cBK c24083d24083